History Quiz

Random History or Country Quiz

Mexican History Match-Up Quiz Stats

 Plays Quiz Updated May 5, 2016

Score 0/25 Timer 05:00
0 Plays Today
% Correct
North American
93.3%
Pancho
91.7%
Santa
88%
Hernán
84.5%
New
80.3%
Sam
78.4%
Chichén
78.3%
Emperor
77.8%
Zimmermann
71.9%
Vicente
69.5%
Emiliano
68.6%
Benito
66.1%
Winfield
64%
% Correct
Gadsden
62.6%
Felipe
54.9%
Guadalupe
53.3%
Treaty of
52.7%
Porfirio
51.4%
Chapultepec
37.7%
Tlatelolco
37.7%
Ernesto
37.5%
Coahuila y
30.7%
Bracero
26.5%
Chichimeca
25.8%
Ignacio
19.3%

You're not logged in!

Compare scores with friends on all Sporcle quizzes.
OR
Log In

Sporcle TV

Today on Sporcle TV


Watch our educational content, quiz creation guides, and fun videos on Sporcle TV.

Show Comments

Extras

Top Quizzes Today


Score Distribution

Your Account Isn't Verified!

In order to create a playlist on Sporcle, you need to verify the email address you used during registration. Go to your Sporcle Settings to finish the process.

Report this User

Report this user for behavior that violates our Community Guidelines.

Details: